000 00290nam a22001337a 4500
008 170907b xxu||||| |||| 00| 0 eng d
020 _a9780195315820
041 _aeng
080 _a91
100 _a42
101 _aGJEO
245 _aWHY GEOGRAPHY MATTERS
_cBLIJ,H.D
942 _2udc
_cBK
999 _c26660
_d26660